載入...
Experimental nuclear physics
| 主要作者: | |
|---|---|
| 格式: | Printed Book |
| 出版: |
Wiley Eastern Limited, New Delhi
1972
|
| 主題: |
| LEADER | 00525nam a2200193 4500 | ||
|---|---|---|---|
| 020 | |c 32 | ||
| 082 | |a R 539.7 SIN-E | ||
| 100 | |a Singru, R M | ||
| 245 | |a Experimental nuclear physics | ||
| 250 | |||
| 260 | |a Wiley Eastern Limited, New Delhi |c 1972 | ||
| 300 | |a 195 | ||
| 490 | |||
| 500 | |||
| 590 | |a Gimish |c 32 | ||
| 650 | |a Atomic and Nuclear physics | ||
| 942 | |c BK | ||
| 999 | |c 79201 |d 79201 | ||
| 952 | |0 0 |1 0 |4 0 |6 R_539_700000000000000_SINE |7 0 |9 92669 |a PHY |b PHY |g 32.00 |l 0 |o R 539.7 SIN-E |p PHY00882 |r 2019-09-24 |w 2019-09-24 |y BK | ||